[Event "Cali Valle Colombia op-B"]
[Site "Cali Valle Colombia"]
[Date "2022.12.27"]
[Round "3"]
[White "Duque, Milton Antonio"]
[Black "Castro Leiva, Kevin"]
[Result "1-0"]
[WhiteElo "1819"]
[BlackElo "1232"]
[PlyCount "49"]
[EventDate "2022.12.26"]
[EventType "swiss"]
[EventRounds "8"]
[EventCountry "COL"]
[SourceTitle "CBM 211 Extra"]
[Source "ChessBase"]
[SourceDate "2023.01.31"]
[SourceVersion "1"]
[SourceVersionDate "2023.01.31"]
[SourceQuality "1"]

1. d4 f5 2. Nf3 Nf6 3. c4 d6 4. Nc3 c6 5. g3 g6 6. Bg2 Bg7 7. Qc2 0-0 8. 0-0 Na6 9. Rd1 Be6 10. b3 Nb4 11. Qb1 Ne4 12. Bb2 d5 13. a3 Na6 14. Ne5 Qb6 15. Qc2 Bxe5 16. Na4 Qa5 17. dxe5 dxc4 18. bxc4 b5 19. Nc3 Qb6 20. Nxe4 fxe4 21. cxb5 Qxf2+ 22. Kh1 cxb5 23. Bd4 Qf7 24. Qc6 Bc8 25. Qxa8 1-0

[Event "COL-ch sf1"]
[Site "Medellin"]
[Date "2019.04.21"]
[Round "10"]
[White "Lopez Gonzalez, Carlos Andres"]
[Black "Duque, Milton Antonio"]
[Result "1-0"]
[WhiteElo "1848"]
[BlackElo "1797"]
[PlyCount "45"]
[EventDate "2019.04.16"]
[EventType "swiss"]
[EventRounds "10"]
[EventCountry "COL"]
[SourceTitle "CBM 190 Extra"]
[Source "ChessBase"]
[SourceDate "2019.07.15"]
[SourceVersion "1"]
[SourceVersionDate "2019.07.15"]
[SourceQuality "1"]

1. e4 d6 2. d4 g6 3. Nf3 Bg7 4. Bc4 Nf6 5. Qe2 c6 6. Bb3 0-0 7. 0-0 Bg4 8. h3 Bxf3 9. Qxf3 e5 10. dxe5 dxe5 11. Rd1 Qc7 12. Bg5 Nbd7 13. Nd2 a5 14. a4 h6 15. Be3 Nh5 16. Nc4 Nf4 17. Nd6 Nb6 18. Kh2 Nc8 19. Nxc8 Rfxc8 20. Qg4 h5 21. Qd7 Qb8 22. Qxf7+ Kh7 23. g3 1-0

[Event "COL-ch sf1"]
[Site "Medellin"]
[Date "2019.04.19"]
[Round "6"]
[White "Gomez Barrero, Sergio"]
[Black "Duque, Milton Antonio"]
[Result "0-1"]
[WhiteElo "2034"]
[BlackElo "1797"]
[PlyCount "40"]
[EventDate "2019.04.16"]
[EventType "swiss"]
[EventRounds "10"]
[EventCountry "COL"]
[SourceTitle "CBM 190 Extra"]
[Source "ChessBase"]
[SourceDate "2019.07.15"]
[SourceVersion "1"]
[SourceVersionDate "2019.07.15"]
[SourceQuality "1"]

1. e4 d6 2. d4 Nf6 3. Nc3 c6 4. h3 g6 5. Nf3 Bg7 6. Bd3 0-0 7. Be3 Nbd7 8. 0-0 b5 9. a3 a6 10. Ng5 e5 11. dxe5 dxe5 12. f4 exf4 13. Bxf4 Qe7 14. Qe1 Nh5 15. Be3 Ne5 16. Be2 Bf6 17. Nf3 Ng7 18. Nd4 Ne6 19. Nxe6 Qxe6 20. Rd1 Bb7 0-1

[Event "Palmira op"]
[Site "Palmira"]
[Date "2018.09.23"]
[Round "7"]
[White "Duque, Milton Antonio"]
[Black "Perez Valcarcel, Maria Jose"]
[Result "1-0"]
[WhiteElo "1791"]
[BlackElo "1574"]
[PlyCount "53"]
[EventDate "2018.09.20"]
[EventType "swiss"]
[EventRounds "7"]
[EventCountry "COL"]
[SourceTitle "CBM 187 Extra"]
[Source "ChessBase"]
[SourceDate "2018.11.04"]
[SourceVersion "1"]
[SourceVersionDate "2018.11.04"]
[SourceQuality "1"]

1. d4 Nf6 2. c4 g6 3. Nc3 Bg7 4. e4 d6 5. f3 0-0 6. Be3 Nbd7 7. Qd2 c5 8. Nge2 cxd4 9. Nxd4 a6 10. Be2 Qc7 11. Rc1 Nc5 12. b4 Ne6 13. Nd5 Qd8 14. 0-0 Nxd4 15. Bxd4 e5 16. Bb6 Qd7 17. Nc7 Rb8 18. Rfd1 Ne8 19. Nxe8 Rxe8 20. c5 Re6 21. cxd6 Bf8 22. Bc7 Ra8 23. Bc4 Re8 24. Bb6 Kh8 25. a4 Qc6 26. a5 Qd7 27. Bb3 1-0

[Event "Palmira op"]
[Site "Palmira"]
[Date "2018.09.22"]
[Round "5"]
[White "Duque, Milton Antonio"]
[Black "Fitzgerald, Daniela"]
[Result "1-0"]
[WhiteElo "1791"]
[BlackElo "1585"]
[PlyCount "70"]
[EventDate "2018.09.20"]
[EventType "swiss"]
[EventRounds "7"]
[EventCountry "COL"]
[SourceTitle "CBM 187 Extra"]
[Source "ChessBase"]
[SourceDate "2018.11.04"]
[SourceVersion "1"]
[SourceVersionDate "2018.11.04"]
[SourceQuality "1"]

1. d4 Nf6 2. c4 g6 3. Nc3 Bg7 4. e4 d6 5. f3 0-0 6. Be3 Nc6 7. Qd2 e5 8. d5 Ne7 9. c5 c6 10. cxd6 Qxd6 11. dxc6 Qxd2+ 12. Bxd2 Nxc6 13. Bc4 Bd7 14. Nge2 Rac8 15. Nd5 Nxd5 16. Bxd5 Rfd8 17. Rd1 b6 18. Bg5 Re8 19. Bxf7+ Kxf7 20. Rxd7+ Kg8 21. 0-0 h6 22. Be3 Red8 23. Rfd1 Nd4 24. Rxd8+ Rxd8 25. Kf2 Kf7 26. Rc1 Rd7 27. Nc3 Ne6 28. Nd5 g5 29. Ke2 Nf4+ 30. Bxf4 exf4 31. b3 Be5 32. Rc6 h5 33. h3 Rb7 34. a4 Rd7 35. Kd3 Ke8 1-0

[Event "COL pre olympic sf3"]
[Site "Dosquebradas"]
[Date "2018.06.04"]
[Round "10"]
[White "Duque, Milton Antonio"]
[Black "Villaquiran, Miguel"]
[Result "0-1"]
[WhiteElo "1798"]
[BlackElo "1692"]
[PlyCount "120"]
[EventDate "2018.05.30"]
[EventType "swiss"]
[EventRounds "10"]
[EventCountry "COL"]
[SourceTitle "CBM 184 Extra"]
[Source "ChessBase"]
[SourceDate "2018.06.28"]
[SourceVersion "1"]
[SourceVersionDate "2018.06.28"]
[SourceQuality "1"]

1. d4 d5 2. c4 c6 3. Nc3 Nf6 4. Nf3 dxc4 5. a4 Bf5 6. g3 e6 7. Bg2 Bb4 8. 0-0 0-0 9. Ne5 a5 10. Nxc4 Na6 11. Bg5 h6 12. Bxf6 Qxf6 13. e4 Bh7 14. e5 Qe7 15. Ne4 Bxe4 16. Bxe4 Rad8 17. Qg4 Qg5 18. Qxg5 hxg5 19. Rad1 Nc7 20. Nb6 Na8 21. Nc4 Nc7 22. Nb6 f5 23. Bf3 g4 24. Bg2 Kf7 25. f3 gxf3 26. Bxf3 Rxd4 27. Rxd4 Bc5 28. Kg2 Bxd4 29. Nc4 b5 30. Nxa5 bxa4 31. Bxc6 Bxb2 32. Bxa4 Bxe5 33. Bb3 Kf6 34. Nc4 Bd4 35. Rd1 e5 36. Rf1 Ne6 37. Bc2 g6 38. Nd2 Rc8 39. Bd3 Kg7 40. Nc4 e4 41. Be2 Ra8 42. Rd1 Ra2 43. Kf1 Kf6 44. Rd2 Ra1+ 45. Rd1 Ra8 46. Rd2 Bc5 47. Rd5 Ra1+ 48. Rd1 Ra8 49. Rb1 Nd4 50. Rd1 Ra2 51. Rd2 Ra1+ 52. Rd1 Ra4 53. Ne3 Nxe2 54. Nd5+ Ke5 55. Kxe2 Ra2+ 56. Ke1 Rxh2 57. Nf4 Rh1+ 58. Ke2 Rxd1 59. Kxd1 g5 60. Ng2 Bf2 0-1

[Event "COL pre olympic sf3"]
[Site "Dosquebradas"]
[Date "2018.06.03"]
[Round "9"]
[White "Castano Olaya, Jair"]
[Black "Duque, Milton Antonio"]
[Result "0-1"]
[WhiteElo "1530"]
[BlackElo "1798"]
[PlyCount "78"]
[EventDate "2018.05.30"]
[EventType "swiss"]
[EventRounds "10"]
[EventCountry "COL"]
[SourceTitle "CBM 184 Extra"]
[Source "ChessBase"]
[SourceDate "2018.06.28"]
[SourceVersion "1"]
[SourceVersionDate "2018.06.28"]
[SourceQuality "1"]

1. e4 d6 2. d4 Nf6 3. Nc3 g6 4. f3 Bg7 5. Be3 0-0 6. Qd2 e5 7. Bc4 c6 8. Nge2 a5 9. a3 Qe7 10. d5 c5 11. Bh6 Rd8 12. h4 Bxh6 13. Qxh6 Qf8 14. Qxf8+ Kxf8 15. g4 h5 16. gxh5 Nxh5 17. 0-0-0 Nd7 18. Rdg1 Ndf6 19. Ng3 Nxg3 20. Rxg3 Nh5 21. Rg5 Bd7 22. Rf1 Ke7 23. Ne2 b5 24. Ba2 Rg8 25. f4 f6 26. Rgg1 Raf8 27. fxe5 fxe5 28. Rxf8 Kxf8 29. Kd2 Kf7 30. b3 Rh8 31. Rh1 Bg4 32. Rh2 Bxe2 33. Kxe2 Nf4+ 34. Kf3 g5 35. Kg4 Rxh4+ 36. Rxh4 gxh4 37. Kxh4 Ne2 38. b4 axb4 39. axb4 c4 0-1

[Event "COL pre olympic sf3"]
[Site "Dosquebradas"]
[Date "2018.05.30"]
[Round "1"]
[White "Escobar Medina, Andres F"]
[Black "Duque, Milton Antonio"]
[Result "1-0"]
[WhiteElo "2266"]
[BlackElo "1798"]
[PlyCount "47"]
[EventDate "2018.05.30"]
[EventType "swiss"]
[EventRounds "10"]
[EventCountry "COL"]
[SourceTitle "CBM 184 Extra"]
[Source "ChessBase"]
[SourceDate "2018.06.28"]
[SourceVersion "1"]
[SourceVersionDate "2018.06.28"]
[SourceQuality "1"]

1. e4 d6 2. d4 g6 3. Nc3 Nf6 4. f4 Bg7 5. Nf3 0-0 6. e5 Ne8 7. Be3 e6 8. g4 Nc6 9. g5 d5 10. h4 Ne7 11. Bd3 Nf5 12. Bf2 a6 13. h5 b5 14. Nh2 Bb7 15. Ng4 c5 16. Bxf5 gxf5 17. Nf6+ Kh8 18. Qf3 cxd4 19. Bxd4 Qc7 20. Rh2 Qc4 21. 0-0-0 Bxf6 22. exf6 Nd6 23. g6 Rfc8 24. Qg2 1-0

[Event "COL-ch"]
[Site "Palmira"]
[Date "2017.05.21"]
[Round "10"]
[White "Duque, Milton Antonio"]
[Black "Carranza, Miguel"]
[Result "1-0"]
[WhiteElo "1909"]
[BlackElo "1618"]
[PlyCount "67"]
[EventDate "2017.05.15"]
[EventType "swiss"]
[EventRounds "10"]
[EventCountry "COL"]
[SourceTitle "CBM 178 Extra"]
[Source "ChessBase"]
[SourceDate "2017.06.22"]
[SourceVersion "1"]
[SourceVersionDate "2017.06.22"]
[SourceQuality "1"]

1. d4 Nf6 2. c4 g6 3. Nc3 Bg7 4. e4 d6 5. f3 0-0 6. Bg5 Re8 7. Qd2 Nbd7 8. Nh3 e5 9. d5 Nc5 10. Nf2 c6 11. 0-0-0 cxd5 12. Nxd5 Re6 13. Ng4 Ncd7 14. h4 h5 15. Ngxf6+ Nxf6 16. g4 Qd7 17. Bxf6 Bxf6 18. gxh5 gxh5 19. Bh3 Bg7 20. Rhg1 Qd8 21. Bxe6 Bxe6 22. Qg2 Qf8 23. Kb1 Bxd5 24. cxd5 f6 25. Rc1 Qf7 26. Rc2 Kh8 27. Rgc1 Bh6 28. Rc8+ Rxc8 29. Rxc8+ Kh7 30. Qh3 Qg6 31. Rc7+ Bg7 32. Qf5 Kh6 33. Qxg6+ Kxg6 34. Rxb7 1-0

[Event "COL-ch"]
[Site "Palmira"]
[Date "2017.05.18"]
[Round "5"]
[White "Duque, Milton Antonio"]
[Black "Rengifo Astudillo, Carlos Alberto"]
[Result "0-1"]
[WhiteElo "1909"]
[BlackElo "1519"]
[PlyCount "48"]
[EventDate "2017.05.15"]
[EventType "swiss"]
[EventRounds "10"]
[EventCountry "COL"]
[SourceTitle "CBM 178 Extra"]
[Source "ChessBase"]
[SourceDate "2017.06.22"]
[SourceVersion "1"]
[SourceVersionDate "2017.06.22"]
[SourceQuality "1"]

1. d4 Nf6 2. c4 e6 3. g3 Bb4+ 4. Nd2 0-0 5. Bg2 d5 6. Ngf3 c5 7. cxd5 Nxd5 8. 0-0 cxd4 9. Nb3 Nc6 10. Nbxd4 Nxd4 11. Qxd4 Be7 12. Rd1 Bf6 13. Qc4 Qb6 14. e4 Qb4 15. Qc2 Nb6 16. Bf1 Bd7 17. Rb1 Rac8 18. Qe2 Bc6 19. Nd2 Rfd8 20. Bg2 e5 21. Re1 Bb5 22. a3 Qc5 23. Nb3 Bxe2 24. Nxc5 Rxc5 0-1

[Event "Cali Region-ch"]
[Site "Cali"]
[Date "2017.04.30"]
[Round "5"]
[White "Duque, Milton Antonio"]
[Black "Villafane Sanchez, Fabio Andres"]
[Result "1-0"]
[WhiteElo "2017"]
[BlackElo "1579"]
[PlyCount "117"]
[EventDate "2017.04.28"]
[EventType "swiss"]
[EventRounds "7"]
[EventCountry "COL"]
[SourceTitle "CBM 178 Extra"]
[Source "ChessBase"]
[SourceDate "2017.06.22"]
[SourceVersion "1"]
[SourceVersionDate "2017.06.22"]
[SourceQuality "1"]

1. d4 d6 2. c4 e5 3. Nc3 exd4 4. Qxd4 Nc6 5. Qd1 Nf6 6. e4 Be7 7. h3 0-0 8. Nf3 Be6 9. Be2 Ne5 10. b3 c6 11. 0-0 Nxf3+ 12. Bxf3 Re8 13. Bf4 Qc7 14. Qd2 Red8 15. Rad1 Ne8 16. Qd3 Qa5 17. Qd2 Bf6 18. Nd5 Qxd2 19. Nxf6+ Nxf6 20. Rxd2 Ne8 21. Rfd1 Rd7 22. Bxd6 Rxd6 23. Rxd6 Nxd6 24. Rxd6 Kf8 25. Kf1 Ke7 26. Rd2 f6 27. Ke2 a5 28. Ke3 g5 29. Bd1 c5 30. f4 Rd8 31. Rxd8 Kxd8 32. fxg5 fxg5 33. Bg4 Bf7 34. Bf5 h6 35. e5 Ke7 36. Ke4 Be8 37. g3 Bc6+ 38. Ke3 a4 39. Bc8 axb3 40. axb3 b6 41. Bf5 Bg2 42. h4 Bb7 43. hxg5 hxg5 44. Bg4 Bc6 45. Bf3 Bd7 46. Kd2 Bf5 47. Bd5 Bd7 48. Kc3 Bf5 49. b4 Bd7 50. bxc5 bxc5 51. Kb3 Be8 52. Kc3 Ba4 53. Kd2 Bd7 54. Ke3 Bf5 55. Kf3 Bd7 56. Ke4 Bg4 57. Bg8 Be6 58. Bxe6 Kxe6 59. g4 1-0

[Event "Cali op-C"]
[Site "Cali"]
[Date "2008.12.27"]
[Round "4"]
[White "Munoz, Oscar Alfonso"]
[Black "Duque, Milton Antonio"]
[Result "1/2-1/2"]
[WhiteElo "1600"]
[BlackElo "1609"]
[PlyCount "93"]
[EventDate "2008.12.26"]
[EventType "swiss"]
[EventRounds "9"]
[EventCountry "COL"]
[SourceTitle "EXT 2011"]
[Source "ChessBase"]
[SourceDate "2010.11.26"]
[SourceVersion "1"]
[SourceVersionDate "2010.11.26"]
[SourceQuality "1"]

1. e4 c6 2. Nf3 d5 3. exd5 cxd5 4. d4 Bf5 5. Bd3 Bxd3 6. Qxd3 Nf6 7. Nc3 Nc6 8. 0-0 e6 9. Bg5 Be7 10. Rfe1 0-0 11. a3 Rc8 12. Rad1 Qc7 13. h3 a6 14. Bxf6 Bxf6 15. Ne2 Na5 16. b4 Nc4 17. Qb3 b5 18. c3 Qd7 19. Ng3 g6 20. Nd2 Nb6 21. Ne2 Rc7 22. g3 Rfc8 23. Rc1 Na4 24. Kg2 Rc6 25. Rc2 Qc7 26. Rec1 Bg7 27. f4 Kf8 28. Nf3 Qb7 29. Ne5 R6c7 30. Kf3 Kg8 31. Nd3 Bf8 32. Ne5 f6 33. Nd3 Kf7 34. Kf2 Bd6 35. Nc5 Nxc5 36. bxc5 Be7 37. Rb2 Qa7 38. Rcb1 Bxc5 39. dxc5 Rxc5 40. Kg2 Rc4 41. Qd1 Qc5 42. Rb4 Qe3 43. Rxc4 Rxc4 44. Qf1 Re4 45. Re1 Qd2 46. Qf2 Re3 47. Kf1 1/2-1/2